[Event "ESP-ch 88th"]
[Site "Marbella"]
[Date "2023.10.15"]
[Round "3"]
[White "De Lomas Busquets, Alba"]
[Black "Buijs Martin, Urtzi"]
[Result "1-0"]
[WhiteElo "1873"]
[BlackElo "2030"]
[PlyCount "41"]
[EventDate "2023.10.13"]
[EventType "swiss"]
[EventRounds "9"]
[EventCountry "ESP"]
[SourceTitle "Mega2024 Update 01"]
[Source "Chessbase"]
[SourceDate "2023.11.12"]
[SourceVersion "1"]
[SourceVersionDate "2023.11.12"]
[SourceQuality "1"]

1. d4 d5 2. Nf3 c5 3. dxc5 Nf6 4. b4 e6 5. Nbd2 b6 6. cxb6 axb6 7. c3 Bd6 8. g3 Bd7 9. Bg2 Ba4 10. Nb3 Ne4 11. Bb2 h5 12. Nfd2 Nxd2 13. Qxd2 Bxb3 14. axb3 Rxa1+ 15. Bxa1 h4 16. 0-0 Nc6 17. e4 hxg3 18. hxg3 d4 19. cxd4 Bxb4 20. Qd3 Kf8 21. Qc4 1-0

[Event "Barcelona La Lira op 39th"]
[Site "Barcelona"]
[Date "2023.02.10"]
[Round "4"]
[White "Ntutumu Alene, Ireneo Bartolome"]
[Black "De Lomas Busquets, Alba"]
[Result "0-1"]
[WhiteElo "1499"]
[BlackElo "1814"]
[PlyCount "80"]
[EventDate "2023.01.20"]
[EventType "swiss"]
[EventRounds "8"]
[EventCountry "ESP"]
[SourceTitle "CBM 213 Extra"]
[Source "ChessBase"]
[SourceDate "2023.05.31"]
[SourceVersion "1"]
[SourceVersionDate "2023.05.31"]
[SourceQuality "1"]

1. e4 c5 2. Nf3 d6 3. d4 cxd4 4. Qxd4 Nc6 5. Bb5 Qa5+ 6. Nc3 Qxb5 7. Nxb5 Nxd4 8. Nfxd4 Kd8 9. 0-0 Bd7 10. Nc3 Nf6 11. Be3 Ng4 12. Bg5 h6 13. Bh4 g5 14. Bg3 Bg7 15. Rad1 Rc8 16. h3 Ne5 17. Nf5 Bxf5 18. exf5 Nc4 19. Ne4 Nxb2 20. Nxd6 Nxd1 21. Nxc8 Kxc8 22. Rxd1 h5 23. Rd5 b6 24. Be5 Bxe5 25. Rxe5 Kd7 26. Re4 Kd6 27. g3 Rc8 28. c4 Rc5 29. g4 hxg4 30. hxg4 Re5 31. Rxe5 Kxe5 32. Kg2 Kd4 33. Kg3 Kxc4 34. f4 f6 35. fxg5 fxg5 36. Kf3 Kd3 37. a4 a6 38. Kf2 b5 39. axb5 axb5 40. Ke1 Ke3 0-1

[Event "Barcelona La Lira op 39th"]
[Site "Barcelona"]
[Date "2023.01.20"]
[Round "1"]
[White "De Lomas Busquets, Alba"]
[Black "Gomez Paredes, Isaac"]
[Result "0-1"]
[WhiteElo "1814"]
[BlackElo "1507"]
[PlyCount "98"]
[EventDate "2023.01.20"]
[EventType "swiss"]
[EventRounds "8"]
[EventCountry "ESP"]
[SourceTitle "CBM 213 Extra"]
[Source "ChessBase"]
[SourceDate "2023.05.31"]
[SourceVersion "1"]
[SourceVersionDate "2023.05.31"]
[SourceQuality "1"]

1. d4 Nf6 2. Nf3 g6 3. Nc3 Bg7 4. e4 d6 5. Be3 Nbd7 6. e5 Ng4 7. e6 fxe6 8. Bd3 Nxe3 9. fxe3 Nf6 10. Qe2 Bd7 11. e4 d5 12. e5 Nh5 13. Qe3 Rf8 14. Ne2 c5 15. c3 Qb6 16. dxc5 Qxb2 17. Rb1 Qxa2 18. g4 Bh6 19. Qxh6 Rxf3 20. Rf1 Nf4 21. Nxf4 Rxd3 22. Nxd3 Qxb1+ 23. Ke2 Qc2+ 24. Ke3 Bb5 25. Qf8+ Kd7 26. c6+ bxc6 27. Nc5+ Kc7 28. Qxe7+ Kb6 29. Nd7+ Kc7 30. Nb8+ Kb6 31. Qd8+ Kc5 32. Nd7+ Kc4 33. Rf4+ Kb3 34. Nc5+ Kb2 35. Na4+ Bxa4 36. Rb4+ Kxc3 37. Qa5 Qd2+ 38. Kf3 Bd1+ 39. Kg3 Qe3+ 40. Kh4 Qf2+ 41. Kh3 Qf3+ 42. Kh4 g5+ 43. Kh5 Qh3+ 44. Kxg5 Rg8+ 45. Kf6 Qh6+ 46. Ke7 Qf8+ 47. Kd7 Qxb4 48. Qa1+ Kd2 49. Qa2+ Ke1 0-1

[Event "Foment Martinenc op-A 22nd"]
[Site "Barcelona"]
[Date "2022.05.28"]
[Round "6"]
[White "De Lomas Busquets, Alba"]
[Black "Colomer Gomez, Jordi"]
[Result "1-0"]
[WhiteElo "1837"]
[BlackElo "1771"]
[PlyCount "131"]
[EventDate "2022.04.23"]
[EventType "swiss"]
[EventRounds "9"]
[EventCountry "ESP"]
[SourceTitle "EXT 2023"]
[Source "ChessBase"]
[SourceDate "2022.10.05"]
[SourceVersion "1"]
[SourceVersionDate "2022.10.05"]
[SourceQuality "1"]

1. d4 d5 2. c4 e6 3. Nc3 c5 4. cxd5 cxd4 5. Qxd4 Nc6 6. Qd1 exd5 7. Nxd5 Be6 8. Nf4 Qxd1+ 9. Kxd1 0-0-0+ 10. Bd2 Bb4 11. Nf3 Nf6 12. Nd3 Bxd2 13. Nxd2 Ng4 14. Ke1 Kb8 15. h3 Nf6 16. a3 Rhe8 17. e3 Rd6 18. Nf4 Bc8 19. Nc4 Rdd8 20. Be2 g5 21. Nd3 Bf5 22. Nb4 Ne5 23. Nxe5 Rxe5 24. a4 a5 25. Na2 Ne4 26. Nc3 Nxc3 27. bxc3 Rc5 28. g4 Be6 29. h4 h6 30. hxg5 hxg5 31. Rc1 Bc4 32. Rh7 Bxe2 33. Kxe2 f6 34. Rb1 Rxc3 35. Rbxb7+ Kc8 36. Ra7 Kb8 37. Rxa5 Rc2+ 38. Kf3 Rdd2 39. Rh2 Rd6 40. Ke4 Kb7 41. Rh7+ Kb6 42. Rb5+ Ka6 43. Rh8 Rc4+ 44. Kf3 Rxa4 45. Rb1 Ka7 46. Rhb8 Ra2 47. R1b7+ Ka6 48. Rb2 Ka7 49. Rxa2+ Kxb8 50. Rc2 Re6 51. e4 Rb6 52. Rc3 Ra6 53. Ke3 Rb6 54. f4 gxf4+ 55. Kxf4 Rb1 56. Kf5 Rf1+ 57. Ke6 Rg1 58. Kxf6 Rxg4 59. e5 Rf4+ 60. Ke7 Rf1 61. e6 Rh1 62. Ke8 Rh8+ 63. Kd7 Rh2 64. Rb3+ Ka7 65. e7 Rd2+ 66. Ke8 1-0

[Event "Catalunya-ch prel"]
[Site "Santa Eulalia de Roncana"]
[Date "2020.02.15"]
[Round "4.2"]
[White "De Lomas Busquets, Alba"]
[Black "Gomez Rivera, Judit"]
[Result "1-0"]
[WhiteElo "2027"]
[BlackElo "1657"]
[PlyCount "59"]
[EventDate "2020.01.25"]
[EventType "swiss"]
[EventRounds "5"]
[EventCountry "ESP"]
[SourceTitle "EXT 2024"]
[Source "ChessBase"]
[SourceDate "2023.10.10"]
[SourceVersion "1"]
[SourceVersionDate "2023.10.10"]
[SourceQuality "1"]

1. d4 d5 2. Nf3 Nc6 3. e3 Bd7 4. a3 e6 5. b3 Be7 6. Bb2 Nf6 7. Bd3 0-0 8. Nbd2 h6 9. 0-0 Re8 10. Rc1 Rc8 11. c4 dxc4 12. Nxc4 Nh7 13. Bb1 Ng5 14. Nfe5 Nxe5 15. Nxe5 Bd6 16. f4 Bxe5 17. fxg5 Bd6 18. gxh6 gxh6 19. Qh5 Qe7 20. Qxh6 f5 21. d5 Qh7 22. Qxh7+ Kxh7 23. e4 Rf8 24. exf5 exd5 25. f6+ Kh6 26. Rcd1 c6 27. h3 Rce8 28. g4 Kg5 29. f7 Re2 30. Bg7 1-0

[Event "Catalunya-ch prel"]
[Site "Santa Eulalia de Roncana"]
[Date "2020.02.08"]
[Round "3.1"]
[White "Castillo Martinez, Aran"]
[Black "De Lomas Busquets, Alba"]
[Result "1/2-1/2"]
[WhiteElo "2110"]
[BlackElo "2027"]
[PlyCount "33"]
[EventDate "2020.01.25"]
[EventType "swiss"]
[EventRounds "5"]
[EventCountry "ESP"]
[SourceTitle "EXT 2024"]
[Source "ChessBase"]
[SourceDate "2023.10.10"]
[SourceVersion "1"]
[SourceVersionDate "2023.10.10"]
[SourceQuality "1"]

1. d4 f5 2. Bg5 g6 3. e3 Bg7 4. Nc3 d5 5. h4 c6 6. Bd3 Nd7 7. h5 h6 8. Bf4 g5 9. Bg3 e6 10. Nf3 Ngf6 11. Ne5 Nxe5 12. Bxe5 Qe7 13. Bxf6 Qxf6 14. Ne2 Bd7 15. f4 g4 16. Qd2 0-0 17. Nc1 1/2-1/2

[Event "Roncana op-A 13th"]
[Site "Santa Eulalia de Roncana"]
[Date "2019.10.26"]
[Round "5"]
[White "Salinas Tomas, Daniel"]
[Black "De Lomas Busquets, Alba"]
[Result "1/2-1/2"]
[WhiteElo "1867"]
[BlackElo "1524"]
[PlyCount "84"]
[EventDate "2019.09.28"]
[EventType "swiss"]
[EventRounds "8"]
[EventCountry "ESP"]
[SourceTitle "CBM 193 Extra"]
[Source "ChessBase"]
[SourceDate "2020.01.31"]
[SourceVersion "1"]
[SourceVersionDate "2020.01.31"]
[SourceQuality "1"]

1. e4 c5 2. Nf3 d6 3. d4 cxd4 4. Nxd4 Nf6 5. Nc3 Nc6 6. Bc4 e6 7. Be3 a6 8. 0-0 Be7 9. Qe2 Na5 10. Bd3 0-0 11. Rad1 e5 12. Nb3 Nc6 13. Bg5 Be6 14. Bxf6 Bxf6 15. Bc4 b5 16. Bd5 Rc8 17. Bxc6 Rxc6 18. Nd5 Bxd5 19. Rxd5 Be7 20. Rfd1 Qc8 21. c3 Rd8 22. Nd2 Rc5 23. Nf1 Rxd5 24. Rxd5 g6 25. Ne3 Bg5 26. Nc2 Be7 27. Qd1 Qc4 28. Nb4 a5 29. Nd3 Rb8 30. Qb3 Kg7 31. f3 h6 32. Qa3 a4 33. Qb4 Qxa2 34. h3 Qb1+ 35. Kh2 h5 36. Nxe5 h4 37. Ng4 Qe1 38. Qd4+ Kh7 39. Qf2 Qxf2 40. Nxf2 b4 41. cxb4 Rxb4 42. Nd3 Rc4 1/2-1/2